000 00909nas a2200289 4500
001 BR2016004082
003 BR-BrBNA
005 20231205130625.0
007 ta
008 230509b bl.|||p| |||| 00| 00por d
040 _aBR-BrBNA
_bpor
_cBiblioteca Nacional de Agricultura
041 _a(Pt)
072 _aH50
100 1 _aMelo, H.C. de
100 1 _aCastro, E.M. de
100 1 _aSoares, A.M.
100 1 _aMelo, L.A.
100 1 _aAlves, J.D.
245 1 _aAlterações anatômicas e fisiológicas em Setaria anceps Stapf ex Massey e Paspalum paniculatum L. sob condições de déficit hídrico
650 _aSETÁRIA ANCEPS
650 _aGRAMÍNEA
650 _aDEFICIÊNCIA HÍDRICA
650 _aDEFICIÊNCIA DO SOLO
773 0 _tHoehnea (Brazil)
_xISSN 0073-2877
_g(Jun 2007), v. 34(3) p. 145-153
_wBR2016004082
909 _a202311
_bLúcia
_c55
_dLúcia Elande
942 _2AGRIS
_n0
_cANA
999 _c250403
_d250403